| 000 | 00755nam a2200205Ia 4500 | ||
|---|---|---|---|
| 003 | GCL | ||
| 008 | 140319s9999 xx 000 0 ara d | ||
| 040 |
_aGCL / _cGCL |
||
| 082 | 0 | 4 |
_a790.437 _bب م |
| 100 | 1 | _aبدر نشأت | |
| 245 | 1 | 0 |
_aمحاكمة الفيلم المصرى : عرض ونقد السينما المصرية منذ نشاتها / _cبدر نشأت |
| 700 | 1 | _aفتحى ذكى | |
| 490 |
_aالهيئة العامة للاستعلامات _v0 |
||
| 650 | 0 | 4 | _aالسينما والمسرح |
| 650 | 0 | 4 | _aالسينمائيون المصريون |
| 650 | 0 | 4 | _aالسينما - صناعة وتجارة |
| 650 | 0 | 4 | _aالافلام السينمائية - تاريخ ونقد |
| 650 | 0 | 4 | _aالسينما - مصر |
| 942 |
_2ddc _cBK |
||
| 999 |
_c46903 _d46903 |
||